30 Largest Cities By Population - Statistics

General Stats
  • This quiz has been taken 47 times
  • The average score is 26 of 30
Answer Stats
Hint Country Population Answer % Correct
2 India 26,454,000 Delhi
100%
29 UK 9,434,000 London
100%
7 Mexico 21,157,000 Mexico City
100%
1 Japan 38,140,000 Tokyo
100%
9 Egypt 19,128,000 Cairo
98%
15 Turkey 14,365,000 Istanbul
98%
22 Russia 12,126,000 Moscow
98%
10 USA 18,604,000 New York
98%
25 France 10,925,000 Paris
98%
20 Brazil 12,981,000 Rio de Janeiro
98%
3 China 24,484,000 Shanghai
98%
6 China 21,240,000 Beijing
95%
13 Argentina 15,334,000 Buenos Aires
95%
11 Bangladesh 18,237,000 Dhaka
95%
21 USA 12,317,000 Los Angeles
95%
18 Philippines 13,131,000 Manila
95%
4 India 21,357,000 Mumbai
95%
12 Pakistan 17,121,000 Karachi
93%
23 DRC 12,071,000 Kinshasa
93%
17 Nigeria 13,661,000 Lagos
93%
5 Brazil 21,297,000 Sao Paulo
93%
27 Indonesia 10,483,000 Jakarta
91%
19 China 13,070,000 Guangzhou
89%
8 Japan 20,337,000 Osaka
86%
14 India 14,980,000 Kolkata
82%
28 India 10,456,000 Bangalore
80%
30 India 9,163,000 Chennai
77%
24 China 11,558,000 Tianjin
52%
26 China 10,828,000 Shenzhen
45%
16 China 13,744,000 Chingqing
0%
No matching quizzes found
Score Distribution
Percent of People with Each Score
Percentile by Number Answered
Your Score History
You have not taken this quiz